Logo BPK

Biblioteka

Politechniki Koszalińskiej

Renesans w Polsce / (Rekord nr 23519)

Szczegóły MARC
000 -ETYKIETA REKORDU
podpole kontrolne o stałej długości 01575nam a2200493 i 4500
001 - NUMER KONTROLNY REKORDU
pole kontrolne 23519
003 - IDENTYFIKATOR NUMERU KONTROLNEGO REKORDU
podpole kontrolne KOSZ 005
005 - DATA OSTATNIEJ MODYFIKACJI REKORDU
podpole kontrolne 20210920143709.0
008 - POLE O STAŁEJ DŁUGOŚCI - DANE KONTROLNE
podpole kontrolne o stałej długości 010509s1976 pl a f |001 0 pol
015 ## - NUMER BIBLIOGRAFII NARODOWEJ
Numer bibliografii narodowej PB 1977/1098
035 ## - NUMER SYSTEMOWY
Numer systemowy przejętego rekordu 991016108709705066
035 ## - NUMER SYSTEMOWY
Numer systemowy przejętego rekordu (PL-WaBN)b14324581-48omnis_nlop
035 ## - NUMER SYSTEMOWY
Numer systemowy przejętego rekordu b14324581
035 ## - NUMER SYSTEMOWY
Numer systemowy przejętego rekordu (OCoLC)830244474
035 ## - NUMER SYSTEMOWY
Numer systemowy przejętego rekordu (PL)b0000001432458
035 ## - NUMER SYSTEMOWY
Numer systemowy przejętego rekordu (EXLNZ-48OMNIS_NETWORK)9910472964305606
040 ## - ŹRÓDŁO KATALOGOWANIA
Instytucja, która sporządziła opis WA N
Instytucja, która utworzyła rekord WA N
Instytucja, która dokonała modyfikacji KOSZ 005/EC
041 0# - KOD JĘZYKA
Kod języka tekstu pol
046 ## - DATY KODOWANE
Pojedyncza data lub początek okresu powstania dzieła lub zbioru dzieł 1976
080 ## - UNIWERSALNA KLASYFIKACJA DZIESIĘTNA - UKD
UKD 72.03/75.03(438)"15/16"
080 ## - UNIWERSALNA KLASYFIKACJA DZIESIĘTNA - UKD
UKD (084.1)
100 1# - NAZWA OSOBOWA
Nazwa osobowa Kozakiewiczowa, Helena
Określenie rodzaju współpracy Autor
245 10 - TYTUŁ/ODPOWIEDZIALNOŚĆ
Tytuł Renesans w Polsce /
Pozostałe elementy strefy tytułu i oznaczenia odpowiedzialności Helena i Stefan Kozakiewiczowie.
260 ## - STREFA ADRESU WYDAWNICZEGO
Miejsce wydania Warszawa :
Nazwa wydawcy/dystrybutora "Arkady",
Data publikacji, dystrybucji/powstania dokumentu 1976.
300 ## - STREFA OPISU FIZYCZNEGO
Objętość 330, [4] s., [2] k. tabl. :
Inne cechy fizyczne il. (w tym kolor.), mapa, portr. ;
Rozmiary 32 cm.
380 ## - FORMA I TYP PUBLIKACJI
Forma i typ publikacji Książki
388 ## - CZAS POWSTANIA
Czas powstania 1901-2000
388 ## - CZAS POWSTANIA
Czas powstania 1945-1989
490 1# - STREFA SERII I DOKUMENTU WIELOCZĘŚCIOWEGO - FORMA NIE DO WYSZUKIWANIA
Tytuł i oznaczenie odpowiedzialności serii Monografie Epok Artystycznych
504 ## - UWAGA DOTYCZĄCA BIBLIOGRAFII
Informacje o bibliografii Bibliogr. Indeksy.
648 #4 - HASŁO PRZEDMIOTOWE - TERMIN CHRONOLOGICZNY
Termin chronologiczny 1601-1700
Źródło hasła lub terminu DBN
648 #4 - HASŁO PRZEDMIOTOWE - TERMIN CHRONOLOGICZNY
Termin chronologiczny 1501-1600
Źródło hasła lub terminu DBN
650 #4 - HASŁO PRZEDMIOTOWE W FORMIE NAZWY OGÓLNEJ LUB JEDNOSTKOWEJ
Nazwa ogólna lub geograficzna Renesans
Źródło hasła lub terminu DBN
650 #4 - HASŁO PRZEDMIOTOWE W FORMIE NAZWY OGÓLNEJ LUB JEDNOSTKOWEJ
Nazwa ogólna lub geograficzna Historia sztuki
651 #7 - HASŁO PRZEDMIOTOWE W FORMIE NAZWY GEOGRAFICZNEJ
Nazwa geograficzna Polska
655 #7 - TERMIN INDEKSOWY - OKREŚLENIE RODZAJU/FORMY DOKUMENTU
Określenie rodzaju/formy dokumentu Sztuka polska
658 ## - TERMIN INDEKSOWY - PRZEDMIOT PROGRAMU NAUCZANIA
Główny przedmiot programu nauczania Kultura i sztuka
700 1# - HASŁO DODATKOWE - NAZWA OSOBOWA
Nazwa osobowa Kozakiewicz, Stefan
Daty związane z nazwą (1914-1974)
Określenie związku między hasłem a opisywanym materiałem Autor
710 2# - HASŁO DODATKOWE - NAZWA CIAŁA ZBIOROWEGO
Nazwa ciała zbiorowego lub jednostki geograficznej Wydawnictwo "Arkady".
Kod określenia powiązania pbl.
830 #0 - HASŁO DODATKOWE SERII LUB DOKUMENTU WIELOCZĘŚCIOWEGO - TYTUŁ UJEDNOLICONY
Tytuł ujednolicony Monografie Epok Artystycznych
856 ## - LOKALIZACJA I DOSTĘP DO ELEKTRONICZNYCH DOKUMENTÓW ZDALNYCH
Link (URL) http://koha.tu.koszalin.pl/cgi-bin/koha/opac-detail.pl?biblionumber=23519
Tekst linku Katalog online BPK
942 ## - DODATKOWE ELEMENTY (KOHA)
Schemat klasyfikacji Uniwersalna Klasyfikacja Dziesiętna
Typ dokumentu Książka
Egzemplarze
Wycofany Status egzemplarza Uszkodzony Dostępność Lokalizacja stała Lokalizacja bieżąca Miejsce przechowywania Sygnatura Kod kreskowy Dział Typ dokumentu
      Tylko na miejscu Biblioteka Politechniki Koszalińskiej Biblioteka Politechniki Koszalińskiej Czytelnia BG 33644 01272291 7.03(438)(091) Historia sztuki polskiej Książka
© 2023 Biblioteka Politechniki Koszalińskiej :: KOHA